[Event "Baden-ch U18/20"]
[Site "Schoeneck"]
[Date "2009.01.04"]
[Round "6"]
[White "Van gen Hassend, Max"]
[Black "Koenig, Torsten"]
[Result "0-1"]
[WhiteElo "1592"]
[BlackElo "1619"]
[PlyCount "72"]
[EventDate "2009.01.02"]
[EventType "swiss"]
[EventRounds "7"]
[EventCountry "GER"]
[SourceTitle "EXT 2010"]
[Source "ChessBase"]
[SourceDate "2010.11.25"]
[SourceVersion "1"]
[SourceVersionDate "2010.11.25"]
[SourceQuality "1"]

1. e4 e5 2. Nf3 Nc6 3. Bb5 a6 4. Bxc6 dxc6 5. 0-0 Bg4 6. h3 h5 7. d3 Qf6 8. Be3 Bd6 9. Nbd2 Ne7 10. c3 0-0-0 11. hxg4 hxg4 12. Nxe5 Bxe5 13. Qxg4+ Kb8 14. f4 Qh6 15. d4 Qh2+ 16. Kf2 Bf6 17. Nf3 Qh7 18. f5 g6 19. Ng5 Qg7 20. Kg1 gxf5 21. exf5 Rdg8 22. Rae1 Nd5 23. Bd2 Bxg5 24. Bxg5 f6 25. c4 Nb6 26. Re6 Qxg5 27. Qxg5 Rxg5 28. Rxf6 Rhg8 29. Rf2 Nxc4 30. Re6 Nd6 31. f6 Rf8 32. Rf4 Rf5 33. Rxf5 Nxf5 34. g4 Nxd4 35. Re4 Nf3+ 36. Kg2 Rxf6 0-1

[Event "Baden-ch U18"]
[Site "Karlsruhe"]
[Date "2008.01.03"]
[Round "3"]
[White "Koenig, Torsten"]
[Black "Fleck, Tobias"]
[Result "1-0"]
[WhiteElo "1687"]
[BlackElo "1663"]
[PlyCount "59"]
[EventDate "2008.01.02"]
[EventType "swiss"]
[EventRounds "7"]
[EventCountry "GER"]
[SourceTitle "EXT 2009"]
[Source "ChessBase"]
[SourceDate "2008.11.26"]
[SourceVersion "1"]
[SourceVersionDate "2008.11.26"]
[SourceQuality "1"]

1. e4 c5 2. d4 cxd4 3. c3 dxc3 4. Nxc3 e5 5. Nf3 Bb4 6. Bc4 Nf6 7. Bxf7+ Kxf7 8. Qb3+ Ke8 9. Qxb4 Nc6 10. Qd6 Qe7 11. Qc7 b6 12. Nd5 Qe6 13. Ng5 Qg4 14. 0-0 h6 15. h3 Qe2 16. Nf3 Qxe4 17. Nc3 Qf5 18. Re1 Kf7 19. Nxe5+ Nxe5 20. Rxe5 Qd3 21. Re3 Qd4 22. Nb5 Qd1+ 23. Kh2 Nd5 24. Qc4 Qh5 25. g4 Qh4 26. Qxd5+ Kf8 27. Rf3+ Ke7 28. Qe5+ Kd8 29. Qc7+ Ke7 30. Bg5+ 1-0

[Event "Stuttgart-chB int"]
[Site "Gerlingen"]
[Date "2007.05.20"]
[Round "7"]
[White "Koenig, Torsten"]
[Black "Schumann, Kai"]
[Result "0-1"]
[WhiteElo "1684"]
[BlackElo "1882"]
[PlyCount "48"]
[EventDate "2007.05.17"]
[EventType "swiss"]
[EventRounds "7"]
[EventCountry "GER"]
[SourceTitle "EXT 2018"]
[Source "ChessBase"]
[SourceDate "2017.10.13"]
[SourceVersion "1"]
[SourceVersionDate "2017.10.13"]
[SourceQuality "1"]

1. e4 d5 2. exd5 Qxd5 3. Nc3 Qd6 4. d4 Nf6 5. Nf3 a6 6. Ne5 c5 7. Nc4 Qc7 8. a4 cxd4 9. Qxd4 Nc6 10. Qb6 Qb8 11. Bd3 Be6 12. Bf4 Qxf4 13. Qxb7 Rc8 14. Nb6 Qc7 15. Qxa6 Rb8 16. Bb5 Rxb6 17. Qa8+ Qc8 18. Qxc8+ Bxc8 19. a5 Rxb5 20. Nxb5 Nd7 21. 0-0 e6 22. Rfd1 Bc5 23. b4 Nxb4 24. a6 Nxa6 0-1

[Event "Baden-ch U18"]
[Site "Karlsruhe"]
[Date "2007.01.04"]
[Round "6"]
[White "Rosner, Jonas"]
[Black "Koenig, Torsten"]
[Result "1-0"]
[WhiteElo "2100"]
[BlackElo "1620"]
[PlyCount "101"]
[EventDate "2007.01.02"]
[EventType "swiss"]
[EventRounds "7"]
[EventCountry "GER"]
[SourceTitle "EXT 2008"]
[Source "ChessBase"]
[SourceDate "2007.11.25"]
[SourceVersion "1"]
[SourceVersionDate "2007.11.25"]
[SourceQuality "1"]

1. e4 e5 2. Nf3 Nc6 3. Bb5 a6 4. Bxc6 dxc6 5. 0-0 Bd6 6. d4 exd4 7. Qxd4 f6 8. Be3 Be6 9. Nbd2 Ne7 10. Qc3 0-0 11. Rad1 Ng6 12. Nc4 Qe7 13. Nd4 Rad8 14. f3 Be5 15. Nxe5 Nxe5 16. Nxe6 Qxe6 17. Bf4 Rd6 18. Bxe5 Qxe5 19. Qxe5 fxe5 20. Kf2 Kf7 21. Ke3 Ke7 22. Rd3 Ke6 23. g3 g5 24. Rh1 Rf7 25. h4 h6 26. hxg5 hxg5 27. Rh6+ Rf6 28. Rh7 Rf7 29. Rh8 Rg7 30. Rd2 Rxd2 31. Kxd2 Rf7 32. Ke2 Kf6 33. Rh6+ Kg7 34. Re6 Rd7 35. Rxe5 Kg6 36. Re6+ Kf7 37. Rh6 Kg7 38. Rh5 Kg6 39. Rh8 Kg7 40. Rh1 Kf6 41. f4 gxf4 42. gxf4 Re7 43. Ke3 c5 44. e5+ Kf5 45. Rh5+ Kg6 46. Rg5+ Kh6 47. Ke4 Kh7 48. f5 Kh6 49. Rg2 c6 50. f6 Rf7 51. Kf5 1-0

[Event "Stuttgart-chB int"]
[Site "Ditzingen"]
[Date "2006.05.26"]
[Round "4"]
[White "Koenig, Torsten"]
[Black "Keller, Joachim"]
[Result "1/2-1/2"]
[WhiteElo "1522"]
[BlackElo "1663"]
[PlyCount "47"]
[EventDate "2006.05.25"]
[EventType "swiss"]
[EventRounds "7"]
[EventCountry "GER"]
[SourceTitle "EXT 2018"]
[Source "ChessBase"]
[SourceDate "2017.10.13"]
[SourceVersion "1"]
[SourceVersionDate "2017.10.13"]
[SourceQuality "1"]

1. e4 e5 2. Nf3 Nc6 3. Bc4 Be7 4. d4 exd4 5. c3 d6 6. cxd4 Nf6 7. Nc3 0-0 8. 0-0 Bg4 9. Be3 Nxe4 10. Nxe4 d5 11. Bd3 dxe4 12. Bxe4 Bf6 13. Bxc6 bxc6 14. Rc1 Qd5 15. b3 Rfd8 16. Rc4 Rab8 17. h3 Bh5 18. Re1 Qd6 19. Qc2 Bg6 20. Qc1 Rb6 21. Ne5 Be4 22. Bf4 Bxe5 23. Bxe5 Qg6 24. Rxe4 1/2-1/2

[Event "Stuttgart-chB int"]
[Site "Ditzingen"]
[Date "2006.05.26"]
[Round "3"]
[White "Obergfaell, Christian"]
[Black "Koenig, Torsten"]
[Result "0-1"]
[WhiteElo "1220"]
[BlackElo "1522"]
[PlyCount "70"]
[EventDate "2006.05.25"]
[EventType "swiss"]
[EventRounds "7"]
[EventCountry "GER"]
[SourceTitle "EXT 2018"]
[Source "ChessBase"]
[SourceDate "2017.10.13"]
[SourceVersion "1"]
[SourceVersionDate "2017.10.13"]
[SourceQuality "1"]

1. e4 e5 2. Nf3 Nc6 3. d4 exd4 4. Nxd4 Bc5 5. Nb3 Bb6 6. Nc3 Nf6 7. a4 a6 8. Bg5 h6 9. Bh4 0-0 10. Bd3 Re8 11. Qf3 g5 12. Bg3 Nxe4 13. Bxe4 d5 14. Nxd5 Qxd5 15. Nd2 f5 16. c4 fxe4 17. Qb3 Qc5 18. 0-0-0 e3 19. fxe3 Rxe3 20. Qa2 Nb4 21. Qb1 Bf5 22. Qa1 Nd3+ 23. Kc2 Re2 24. Kb1 Rd8 25. Nb3 Qxc4 26. Qa2 Nxb2+ 27. Ka1 Rde8 28. Rc1 Qb4 29. Nd4+ Be6 30. Nxe6 R8xe6 31. Rhe1 Bd4 32. Qd5 Nc4+ 33. Qxd4 Qxa4+ 34. Kb1 Rb6+ 35. Qb2 Nd2# 0-1

[Event "Stuttgart-chB int"]
[Site "Ditzingen"]
[Date "2006.05.25"]
[Round "2"]
[White "Koenig, Torsten"]
[Black "Kunert, Ralf"]
[Result "0-1"]
[WhiteElo "1522"]
[BlackElo "1691"]
[PlyCount "42"]
[EventDate "2006.05.25"]
[EventType "swiss"]
[EventRounds "7"]
[EventCountry "GER"]
[SourceTitle "EXT 2018"]
[Source "ChessBase"]
[SourceDate "2017.10.13"]
[SourceVersion "1"]
[SourceVersionDate "2017.10.13"]
[SourceQuality "1"]

1. e4 d5 2. exd5 Nf6 3. d4 Qxd5 4. c4 Qe4+ 5. Ne2 e5 6. Nbc3 Bb4 7. dxe5 Qxe5 8. Bd2 0-0 9. Qc2 Bf5 10. Qb3 Nc6 11. Rc1 Rfe8 12. a3 Bc5 13. Qxb7 Nd4 14. f4 Qe7 15. b4 Rab8 16. Qa6 Nxe2 17. Nxe2 Be3 18. Bxe3 Qxe3 19. Rd1 Ne4 20. Rd5 Bg4 21. Qa4 Qf2+ 0-1

[Event "Pforzheim op"]
[Site "Pforzheim"]
[Date "2005.10.29"]
[Round "1"]
[White "Hartmann, Nikolai"]
[Black "Koenig, Torsten"]
[Result "0-1"]
[WhiteElo "919"]
[BlackElo "1354"]
[PlyCount "60"]
[EventDate "2005.10.29"]
[EventType "swiss"]
[EventRounds "7"]
[EventCountry "GER"]
[SourceTitle "EXT 2007"]
[Source "ChessBase"]
[SourceDate "2006.11.23"]
[SourceVersion "1"]
[SourceVersionDate "2006.11.23"]
[SourceQuality "1"]

1. e4 e5 2. Nf3 Nc6 3. d4 exd4 4. c3 dxc3 5. Bc4 Nf6 6. Qc2 Bc5 7. Nxc3 d6 8. Bg5 h6 9. Bxf6 Qxf6 10. Nd5 Qd8 11. 0-0-0 Bg4 12. Rd2 Bxf3 13. gxf3 Nd4 14. Qd3 c6 15. Nc3 Qf6 16. Ne2 Qxf3 17. Nxd4 Qxh1+ 18. Kc2 Qxh2 19. Nf5 0-0 20. Qc3 Qe5 21. Qb3 Qxe4+ 22. Bd3 Qb4 23. Nxh6+ gxh6 24. Bh7+ Kxh7 25. Qd3+ f5 26. f3 Rae8 27. Rg2 Qa4+ 28. Kc3 Bb4+ 29. Kc4 Qb5+ 30. Kd4 Qd5# 0-1

[Event "Pforzheim op"]
[Site "Pforzheim"]
[Date "2005.10.29"]
[Round "2"]
[White "Koenig, Torsten"]
[Black "Braun, Joachim"]
[Result "0-1"]
[WhiteElo "1354"]
[BlackElo "1897"]
[PlyCount "74"]
[EventDate "2005.10.29"]
[EventType "swiss"]
[EventRounds "7"]
[EventCountry "GER"]
[SourceTitle "EXT 2007"]
[Source "ChessBase"]
[SourceDate "2006.11.23"]
[SourceVersion "1"]
[SourceVersionDate "2006.11.23"]
[SourceQuality "1"]

1. e4 e5 2. Nf3 Nf6 3. Nxe5 d6 4. Nf3 Nxe4 5. Qe2 Qe7 6. d3 Nf6 7. Bg5 Qxe2+ 8. Bxe2 Be7 9. 0-0 0-0 10. Re1 Nc6 11. c3 h6 12. Bh4 g5 13. Bg3 Nh5 14. d4 Nxg3 15. fxg3 Bf5 16. Bb5 Bf6 17. h4 Rfe8 18. Rxe8+ Rxe8 19. d5 a6 20. dxc6 axb5 21. cxb7 Be4 22. Na3 Bxb7 23. Nxb5 Re2 24. b3 g4 25. Ne1 Be5 26. Nd4 Re4 27. Rc1 Bxg3 28. Ndc2 Bxh4 29. c4 Re2 30. a4 Bg5 31. Ra1 Be4 32. Kf1 Rd2 33. Rc1 h5 34. a5 h4 35. a6 h3 36. Kg1 hxg2 37. a7 Bh4 0-1